Classical myth / (Record no. 109039)
[ view plain ]
| 000 -LEADER | |
|---|---|
| fixed length control field | 00603cam a2200193 a 4500 |
| 001 - CONTROL NUMBER | |
| control field | 11867058 |
| 005 - DATE AND TIME OF LATEST TRANSACTION | |
| control field | 20181124102539.0 |
| 008 - FIXED-LENGTH DATA ELEMENTS--GENERAL INFORMATION | |
| fixed length control field | 991213s2001 njuab b 001 0 eng |
| 020 ## - INTERNATIONAL STANDARD BOOK NUMBER | |
| International Standard Book Number | 0130884421 |
| 040 ## - CATALOGING SOURCE | |
| Transcribing agency | PK-LaUMT |
| 082 00 - DEWEY DECIMAL CLASSIFICATION NUMBER | |
| Classification number | 292.13 |
| Edition number | 21 |
| Item number | POW- |
| 100 1# - MAIN ENTRY--PERSONAL NAME | |
| Personal name | Powell, Barry B. |
| 245 10 - TITLE STATEMENT | |
| Title | Classical myth / |
| Statement of responsibility, etc | Barry B. Powell ; with new translations of ancient texts by Herbert M. Howe. |
| 250 ## - EDITION STATEMENT | |
| Edition statement | 3rd ed. |
| 260 ## - PUBLICATION, DISTRIBUTION, ETC. (IMPRINT) | |
| Place of publication, distribution, etc | Upper Saddle River, NJ : |
| Name of publisher, distributor, etc | Prentice Hall, |
| Date of publication, distribution, etc | 2001 |
| 300 ## - PHYSICAL DESCRIPTION | |
| Extent | xxiii, 683 p. : |
| Other physical details | ill. (some col.), col. maps ; |
| Dimensions | 24 cm. |
| 650 #0 - SUBJECT ADDED ENTRY--TOPICAL TERM | |
| Topical term or geographic name as entry element | Mythology, Classical |
| 942 ## - ADDED ENTRY ELEMENTS (KOHA) | |
| Koha item type | Books |
| Withdrawn status | Lost status | Damaged status | Home library | Current library | Date acquired | Full call number | Barcode | Date last seen | Price effective from | Koha item type |
|---|---|---|---|---|---|---|---|---|---|---|
| UMT Main Campus | UMT Main Campus | 2018-11-24 | 292.13 POW- | 125221 | 2023-08-22 | 2018-11-24 | Books |
